00966nam a22002537a 450000500170000001000130001702000220003003500130005203700160006504000120008108200200009324501250011326000550023827000510029330000190034450000190036365000480038265000340043070000290046470000320049394200290052599900190055495201390057320170124110024.0 aA-716340 c00.00a8173040893 aA-716340 bCen Lib/Ret aDPLbEN a301.095452bBEN aBengal :cedited by Sekhar Bandopadhyay,Abhijit Dasgupta [and] Willem van Schendelbcommunities,development and states / bManohar Publishers & DistributorsaNew Delhic1994 bNew Delhia2/6, Ansari Road, Daryaganje110002 a361p. c21(Hb) aIncludes index aBengal (India) -- Social conditions.920410 aLand tenure in Bengal.920411 aDasgupta, Abhijit920412 aSchendel, Willem van920413 2ddccENh301.095452mBEN c127408d127408 00104070aLbLd2015-06-29eCen Lib/Retg0.00l1o301.095452 BENpA-716340r2021-02-17 00:00:00s2021-02-05t1v0.00w2015-06-29yEN